|
|
|
|
| LEADER |
01396nam a22002777a 4500 |
| 001 |
38500 |
| 003 |
BD-DhAAL |
| 008 |
220425t2021 bg ||||| b|||f00| 0 ben d |
| 999 |
|
|
|c 44138
|d 44138
|
| 020 |
|
|
|a 9789849573456
|
| 040 |
|
|
|a BD-DhAAL
|c BD-DhAAL
|
| 041 |
|
|
|a ben
|
| 082 |
|
|
|a 954.9205092
|2 23
|
| 245 |
|
|
|a নেতা মোদের শেখ মুজিব :
|b জন্মশতবর্ষের শ্রদ্ধাঞ্জলি /
|c আসাদুজ্জামান খান সম্পাদিত
|
| 246 |
|
|
|a Neta moder Sheikh Mujib
|
| 246 |
|
|
|a our leader is Seikh Mujib
|
| 260 |
|
|
|a ঢাকা :
|b মাওলা ব্রাদার্স,
|c ২০২১.
|
| 300 |
|
|
|a ৫১৫ পৃষ্ঠা :
|b চিত্র ;
|c ২৮ সে.মি.
|
| 541 |
|
|
|a Complimentary copy from MP. Asaduzzaman Khan
|e 38500
|
| 600 |
|
|
|a Mujibur Rahman,
|c Sheikh,
|d 1920-1975.
|x Political and social views
|v Biography.
|9 48245
|
| 650 |
|
|
|a Ex-presidents
|z Bangladesh
|v Biography.
|9 48246
|
| 651 |
|
|
|a Bangladesh
|x Politics and government.
|9 48247
|
| 700 |
|
|
|a খান, আসাদুজ্জামান
|9 48248
|
| 852 |
|
|
|a Ayesha Abed Library
|c Bangabandhu Corner
|
| 942 |
|
|
|2 ddc
|c BK
|
| 952 |
|
|
|0 0
|1 0
|2 ddc
|4 0
|6 954_920509200000000_NET
|7 0
|9 70559
|a BRACUL
|b BRACUL
|c BNC
|d 2022-04-25
|e Complimentary copy from MP. Asaduzzaman Khan
|l 0
|o 954.9205092 NET
|p 3010038500
|r 2022-04-25
|t 1
|w 2022-04-25
|y BK
|